Riadenie vonkajšieho tienenia budovy s využitím mikrokontroléra

Enregistré dans:
Détails bibliographiques
Auteur principal: Kuboš, Marek (Auteur)
Autres auteurs: Eliáš, Michal (Directeur de thèse)
Format: Manuscrit Livre
Langue:slovaque
Publié: 2016
Sujets:
Accès en ligne:http://is.stuba.sk/zp/portal_zp.pl?podrobnosti=106141
Tags: Ajouter un tag
Pas de tags, Soyez le premier à ajouter un tag!

MARC

LEADER 00000ntm a22000003a 4500
001 stuzp55179
003 SK-STU
005 20160719154715.5
007 ta
008 150427s2015----xo-----f-mn---000-0-slo-d
040 |a STU  |b slo 
041 0 |a slo 
100 1 |a Kuboš, Marek  |u 066000  |4 aut  |U MTF Materiálovotechnologická fakulta  |T MTF Ústav aplikovanej informatiky, automatizácie a mechatroniky  |X 41051  |U M6000  |Y 86  |7 41051 
242 0 1 |a Controlling exterior shading systems of the building using microcontroller  |y eng 
245 1 0 |a Riadenie vonkajšieho tienenia budovy s využitím mikrokontroléra 
260 |c 2016 
650 4 |a Arduino  |2 slo 
650 4 |a vonkajšie tienenie  |2 slo 
650 4 |a ovládanie  |2 slo 
650 4 |a mikrokontrolér  |2 slo 
650 4 |a microcontroller  |2 eng 
650 4 |a Arduino  |2 eng 
650 4 |a exterior shading  |2 eng 
650 4 |a control  |2 eng 
700 1 |a Eliáš, Michal  |u 066000  |k Z1  |4 ths  |U MTF Materiálovotechnologická fakulta  |T MTF Ústav aplikovanej informatiky, automatizácie a mechatroniky  |X 2874  |U M6000  |Y 86  |7 A000002874 
856 4 |u http://is.stuba.sk/zp/portal_zp.pl?podrobnosti=106141 
996 |c M* BP-7593  |l MMSKP  |s P  |a 0  |w stuzp55179_0001 
SQL |a stuzp55179  |b DBP  |c SLO  |d Riadenie vonkajšieho tienenia budovy s využitím mikrokontroléra  |e 41051  |f Kuboš, Marek  |g 066000  |h 2874  |i Eliáš, Michal  |j 20160622  |k 168  |l 06  |m http://is.stuba.sk/zp/portal_zp.pl?podrobnosti=106141  |n B-AIA  |o 5.2.14. automatizácia, 9.2.9. aplikovaná informatika